01383 2200397 4500001002100000005001500021007000300036008004100039020002200080035002000102040001700122041000800139082000800147084001400155090001800169100006300187245017200250250001300422260003500435264003300470264003400503300003700537336002100574337003000595338002300625650001400648700004200662700004400704700004500748700004500793700004800838700004500886850001000931990002200941990002200963INLIS00000000000435820260527124757ta260527 0  a978-602-254-130-1 a0010-1121000125 aSBPUPADbind0 aind a372 a372 DWI s a300 TIM m 6-30 aDwi Tyas Utami, Eko Lestariyanti, Dhesy AdhaliaePengarang1 aSPM Plus US/M untuk SD/MI Dua Ribu Empat Belas /cPengarang; Dwi Tyas Utami, Eko Lestariyanti, Dhesy Adhalia, Editor; Eny Wijayanti, Rahmah Purwahida, Bambang Sutrisno a--Cet--1 aJakarta :bCikal Aksara,c2009 a--Jakarta :bErlangga,c2013 aJakarta.; :bErlangga.,c2014 avii, 306 hlm. :bIlus ;c25,5 cm 2rdacontentaTeks 2rdamediaaTanpa Perantara 2rdacarrieravolume 4aPelajaran aEditor ke-1, Eny WijayantiePengarang aEditor ke-2,Rahmah PurwahidaePengarang aEditor ke-3, Bambang SutrisnoePengarang0 aPengarang ke-1,Dwi Tyas UtamiePengarang0 aPengarang ke-2, Eko LestariyantiePengarang0 aPengarang ke-3, Dhesy AdhaliaePengarang aPUPAD a35.044/S/DPK/2021 a35.044/S/DPK/2021